000 01059nam a2200241 i 4500
001 154548
003 ES-MaACL
005 20230906205755.0
008 940206s1887 sp |||| | spa d
100 1 _aGonzález Besada, Augusto,
_d1865-1919
_958456
245 1 0 _aHistoria crítica de la literatura gallega
_b: Edad Antigua /
_cAugusto G. Besada.
260 _aLa Coruña :
_bLatorre Martínez,
_c1887 (
_fTip. de La Voz de Galicia, a cargo de José M. Márquez)
300 _a2 v. (XII, 174 ; 98 p.) ;
_c20 cm.
490 1 _aBiblioteca gallega ;
_v8, 11
500 _aNo se publicó más.
530 _aDisponible en formato digital.
596 _aPie de imp. en v. II: La Coruña : Andrés Martínez, 1887 (José Miguez Peinó y Hermano)
650 4 _aLiteratura galaico-portuguesa-
_xHistoria y crítica.
_9167587
830 0 _aBiblioteca gallega ;
_v8, 11
_9180864
852 _aES-MaACL
_jG-8504-05
_z- Enc. hol.
856 _uhttp://bdh-rd.bne.es/viewer.vm?id=0000206412&page=1
_zBiblioteca Digital Hispánica
999 _c154548
_d154548